Name the Words in Corinne's Survivor Jury Speech Quiz Stats

Quiz not verified by Sporcle

Challenge
Share
Tweet
Embed
Score 0/65 Timer 10:00
0 Plays Today
Words % Correct
and
97.8%
the
97.8%
a
97.8%
and
97.8%
a
97.8%
the
97.8%
you
95.1%
you
95.1%
you
95.1%
you
95.1%
You
95.1%
Sugar,
91.4%
are
89.9%
an
89.9%
are
89.9%
I
89.1%
on
86.5%
so
85.4%
father.
85%
your
84.6%
your
84.6%
dead
83.5%
to
82.8%
to
82.8%
to
82.8%
is
81.6%
crying
81.3%
crying
81.3%
would
80.1%
would
80.1%
of
79.8%
only
79%
about
79%
Words % Correct
leech
78.7%
give
77.9%
don't
76.8%
society
76.8%
deserve
76.4%
thing
75.7%
million.
75.7%
vote
73%
when
72.3%
anti-depressants
70.8%
handful
70%
uneducated
68.9%
unemployed,
65.2%
that
65.2%
more
64.4%
be
62.5%
no
62.2%
it
62%
little
60.3%
seem
59.6%
constant
59.2%
one
56.9%
sincere
56.2%
maybe
55.6%
if
55.4%
has
50.2%
subjected
49.4%
then
49.4%
some
41.9%
got
40.1%
else
38.2%
anymore,
35.2%

You're not logged in!

Compare scores with friends on all Sporcle quizzes.
Sign Up with Email
OR
Log In

You Might Also Like...

Show Comments

Extras

Top Quizzes Today


Score Distribution

Your Account Isn't Verified!

In order to create a playlist on Sporcle, you need to verify the email address you used during registration. Go to your Sporcle Settings to finish the process.

Report this User

Report this user for behavior that violates our Community Guidelines.

Details: